| 000 | 00797nam a2200253Ia 4500 | ||
|---|---|---|---|
| 003 | OSt | ||
| 005 | 20220918172100.0 | ||
| 006 | a|||||r|||| 00| 0 | ||
| 007 | ta | ||
| 008 | 220917b |||||||| |||| 00| 0 eng d | ||
| 020 |
_a9789352903443 (hbk) _cINR 995.00 |
||
| 024 | _a348,833 | ||
| 037 |
_bBBS/129, 06/03/2019, Better Book Services _cTextual |
||
| 040 |
_aARTS _cARTS _beng |
||
| 041 |
_2eng _aeng |
||
| 082 | _aQ1v, Q9 | ||
| 100 |
_aBausch Lauren M. Ed. _940169 |
||
| 245 | 0 |
_aSelf, sacrifice, and cosmos _b vedic thought, ritual, and philosophy |
|
| 260 |
_aDelhi _bPrimus Books India _c2019 |
||
| 300 |
_aviii,250p. _ccm. |
||
| 650 | _aVEDAS | ||
| 942 |
_hQ1v, Q9 _cTEXL _2CC |
||
| 999 |
_c142538 _d142538 |
||